Estrategia nacional para la conservación de plantas : (Registro nro. 7342)

Detalles MARC
000 -CABECERA
Campo de control 01188nam a22002897a 4500
005 - FECHA Y HORA DE LA ULTIMA TRANSACCION
Campo de control 20171004095203.0
008 - ELEMENTOS DE LONGITUD FIJA—INFORMACION GENERAL
Campo de control 120507s2010 ck a gr 00010 spa d
020 ## - ISBN
ISBN 9789588343501
041 0# - IDIOMA
Código de idioma para texto/pista de sonido o título separado Español
043 ## - GEOGRAPHIC AREA CODE
Geographic area code s-ck---
082 04 - NUMERO DE CLASIFICACION DECIMAL DEWEY
Número de clasificación 580.986
Número del ítem G216e
245 00 - MENCION DE TITULO
Título Estrategia nacional para la conservación de plantas :
Parte restante del título actualización de los antecedentes normativos y políticos, y revisión de avances /
Mención de responsabilidad Hernando García ... [et al.].
260 ## - PUBLICACION, DISTRIBUCION, ETC. (PIE DE IMPRENTA)
Lugar de publicación, distribución, etc. Bogotá :
Nombre del editor, distribuidor, etc. Instituto Humboldt :
-- Red Nacional de Jardines Botánicos de Colombia,
Fecha de publicación, distribución, etc. 2010.
300 ## - DESCRIPCION FISICA
Extensión 159 p. :
Otros detalles físicos il. ;
Dimensiones 28 cm.
504 ## - NOTA DE BIBLIOGRAFIA, ETC.
Nota de bibliografía Incluye bibliografía.
650 ## - ASIENTO SECUNDARIO DE MATERIA - TERMINO TEMATICO
Término temático o nombre geográfico como elemento de entrada Plantas
Subdivisión general Conservación de especímenes
Subdivisión geográfica Colombia.
650 #4 - ASIENTO SECUNDARIO DE MATERIA - TERMINO TEMATICO
Término temático o nombre geográfico como elemento de entrada Plantas ornamentales
Subdivisión general Conservación de especímenes
Subdivisión geográfica Colombia.
650 ## - ASIENTO SECUNDARIO DE MATERIA - TERMINO TEMATICO
Término temático o nombre geográfico como elemento de entrada Plantas
Subdivisión general Uso
Subdivisión geográfica Colombia.
650 #4 - ASIENTO SECUNDARIO DE MATERIA - TERMINO TEMATICO
Término temático o nombre geográfico como elemento de entrada Protección de los recursos naturales
Subdivisión geográfica Colombia.
650 #4 - ASIENTO SECUNDARIO DE MATERIA - TERMINO TEMATICO
Término temático o nombre geográfico como elemento de entrada Conservación de la diversidad biológica
Subdivisión geográfica Colombia.
700 1# - ASIENTO SECUNDARIO - NOMBRE PERSONAL
Nombre personal Londoño, Carolina
700 1# - ASIENTO SECUNDARIO - NOMBRE PERSONAL
Nombre personal Sofrony, Carolina
700 1# - ASIENTO SECUNDARIO - NOMBRE PERSONAL
Nombre personal García, Hernando
700 1# - ASIENTO SECUNDARIO - NOMBRE PERSONAL
Nombre personal Moreno, Luz Adriana
942 ## - ELEMENTOS ADICIONALES (KOHA)
Sistema de clasificación Dewey Decimal Classification
Tipo de ítem
Koha issues (borrowed), all copies 1
949 ## - LOCAL PROCESSING INFORMATION (OCLC)
a
Existencias
Withdrawn status Lost status Sistema de Clasificación Damaged status No para préstamo Colección Inventariado Ubicación Permanente Ubicación actual Fecha de adquisición Fuente de Valor Valor Total Checkouts Número topográfico Inventario / Código de Barras Date last seen Date checked out Ejemplar Price effective from Forma de adquisición Tipo de material
    Dewey Decimal Classification     Humboldt Inventariado 2017 Bogotá Bogotá 04/07/2013 Instituto 39000.00 1 IAVH-580.986 G216e 028358 26/04/2018 26/04/2018 Ej. 1 04/07/2013 Institucional Libro
    Dewey Decimal Classification     Humboldt Inventariado 2017 Bogotá Bogotá 04/07/2013 Instituto 39000.00   IAVH 580.986 G216e 028359 04/07/2013   Ej. 2 04/07/2013 Institucional Libro
    Local     Humboldt   Bogotá Bogotá 18/12/2013       MM-0088 059369 18/12/2013   Ej. 3 18/12/2013 Institucional CD-ROM
    Dewey Decimal Classification     Humboldt Inventariado 2017 Bogotá Bogotá 17/09/2014 Instituto 39000.00 1 IAVH-580.986 G216e 058413 19/07/2017 19/07/2017 Ej. 6 17/09/2014 Institucional Libro
    Dewey Decimal Classification     Humboldt Inventariado 2017 Sala Fabio Quevedo Sala Fabio Quevedo 23/07/2014 Instituto 39000.00   IAVH-580.986 G216e 028356 23/07/2014   Ej. 4 23/07/2014 Institucional Libro
    Dewey Decimal Classification     Humboldt Inventariado 2017 Sala Fabio Quevedo Sala Fabio Quevedo 29/07/2014 Instituto 39000.00   IAVH-580.986 G216e 038214 29/07/2014   Ej.5 29/07/2014 Institucional Libro